01189nab a22001817a 4500003000400000005001700004008004100021040000700062100003100069245006500100260007200165300001300237505050900250505008900759650001800848650002200866773011900888OSt20260121191817.0190502c xxu||||| |||| 00| 0 spa d cPJ aOclander, Martín Ignacio13aEl delito de lavado de activos /cMartín Ignacio Oclander. aCiudad Autónoma de Buenos Aires :bThomson Reuters La Ley,c2024. ap. 17-28 aSumario: I. Tipo objetivo.— II. Tipo subjetivo.— III. Autonomía del delito de lavado de activos.— IV. Delito continuado. Ley aplicable a los hechos iniciados antes de la reforma introducida por la ley 26.683.— V. El delito de lavado de activos atenuado por el monto blanqueado (art. 303, inc. 4, Cód. Penal).— VI. El delito de lavado de activos agravado por la habitualidad de la conducta o por actuar en forma organizada (art. 303, inc. 2, a, Cód. Penal).— VII. Figuras relacionadas.  t¿Te interesa el texto completo? Solicitalo al correo: koha@justierradelfuego.gov.ar 0aDERECHO PENAL 0aLAVADO DE ACTIVOS0 02729dBuenos Aires : LexisNexis, 2006-tRevista de derecho penal y procesal penal. Nº 7 - Julio 2024z9875920622